000 00427nam a2200157Ia 4500
005 20250519022643.0
008 240331s9999 xx 000 0 und d
020 _a9559580019
082 _a301
_bSOO
100 _aSooriyapperuma, J.R.P
245 0 _aRajamawatha :
_b21vana siyawasata perawadanak
260 _aColombo
_bDayawansa jayakody & sons
_c1995
300 _a154 p .,
500 _aKings Street - 2nd Part
942 _cL
999 _c1040
_d1040